Chasing Pavements - Adele (All Lyrics) - Statistics

General Stats
  • This quiz has been taken 1,470 times
  • The average score is 240 of 288
Answer Stats
Lyrics % Correct
I
100%
I'd
100%
chasing
98%
pavements?
97%
just
95%
up
95%
up.
95%
If
94%
if
94%
keep
94%
a
93%
it
93%
or
93%
Or
93%
or...
93%
Or...
93%
Should
93%
should
93%
give
92%
no
92%
Even
89%
my
88%
the
88%
be
85%
to
84%
leads
83%
nowhere.
82%
nowhere?
82%
do
81%
would
77%
I've
76%
I'm
75%
made
75%
mind.
75%
need
75%
was
75%
you.
75%
Don't
73%
am
72%
leave
72%
love
72%
there?
72%
over.
71%
think
71%
This
71%
this
71%
is
69%
right.
69%
wrong
68%
And
67%
in
66%
waste?
66%
further.
64%
knew
64%
look
64%
place?
61%
know
60%
ain't
59%
world,
58%
with
57%
but...
56%
not
56%
tell
56%
never
55%
what
55%
could
54%
on
54%
say
50%
enough,
48%
said
48%
exactly
47%
'cause
46%
that's
46%
lust.
45%
heart
42%
back
40%
myself
40%
as
39%
circles,
39%
Finally
39%
around
38%
begins
37%
fly
36%
tingle.
36%
drops.
32%
build
28%
waiting
28%
No matching quizzes found
Score Distribution
Percent of People with Each Score
Percentile by Number Answered
Your Score History
You have not taken this quiz